00934cam a22002657i 4500999001500000001000500015003000900020005001700029008004100046020001500087040011900102042001400221082001900235100002000254245007900274264004100353300004000394650001800434650002800452650001600480700002200496700002100518942001200539952011700551 c2592d25927119BD-DhUAP20200226121020.0200226s1996 enka c 000 0 eng d a0500341494 aYDXbengcYDXerdadCLEdOCLCOdCUYdOMBdNZAUCdOCLCFdOCLCAdUKMGBdUX0dOCLCOdAU@dOCLCOdOCLdOCLCOdBD-DhUAP alccopycat04a720.92 MEI223 aMeier, Richard.10aRichard Meier houses /cRichard Meier, Paul Goldberger and Richard Rogers. 1aLondon :bThames and Hudson,cc1996. a249 pages :billustrations ;c35 cm aArchitecture. aArchitecture, Domestic. aArchitects. aGoldberger, Paul. aRogers, Richard. 2ddccBK 00102ddc4070aUAPCLbUAPCLcGeneral Stacksd2020-02-26o720.92 MEIp3010007119r2020-02-26t1w2020-02-26yBK